| 000 | 00702nam a22002057a 4500 | ||
|---|---|---|---|
| 003 | OSt | ||
| 005 | 20250830024640.0 | ||
| 008 | 250830b |||||||| |||| 00| 0 eng d | ||
| 020 | _a0-7817-1842-2. | ||
| 040 |
_aDWCL-Main lib _cOC |
||
| 082 |
_22nd ed. _aCirc.616.3 P211f 1999 |
||
| 100 | _aCatherine Paradiso | ||
| 245 |
_aFluids and electrolytes/ _cCatherine Paradiso |
||
| 260 |
_aPhiladelphia : _bLippincott William S. and Wilkin S., _cc1999 |
||
| 300 |
_axiv, 217 p. ; _c22 cm. |
||
| 504 | _aIncludes index. | ||
| 650 | _aWater-Electrolytes imbalances-Nursing-Oulines, syllabi, etc. | ||
| 650 | _a2. Water-Electrolytes imbalances-Oulines, syllabi, etc. | ||
| 942 |
_2ddc _cBK - FIL _e2nd ed. _kFil. _n0 |
||
| 999 |
_c4400 _d4400 |
||